000 00465nam a2200181Ia 4500
001 10638
005 20260306161847.0
008 260306t1967||||xx |||||||||||||| ||spa||
041 _aESP
082 _a946
_bO73
100 _aOrtega y Gasset, José
_eAUT
245 0 _aEspaña invertebrada:
_bbosquejo de algunos pensamientos históricos
260 _c1967
300 _a169 páginas :
_c18 cm.
650 _aGEN
654 _aCHU
942 _cLIB
_dJUS
_fJUS
_2ddc
_n
999 _c10638
_d10638